| 000 | 00444 a2200169 4500 | ||
|---|---|---|---|
| 003 | NUST | ||
| 020 | _a0471975737 | ||
| 038 | _akhadija | ||
| 082 | 0 | 4 |
_a530.43 _bTUR |
| 100 | 1 |
_aTurrell, George. _98819 |
|
| 245 | 1 | 0 |
_aGas dynamics : _btheory and applications / _cGeorge Turrell. |
| 260 |
_a[S.l.] : _bWiley, _c1997. |
||
| 300 |
_a152 p. ; _c24 cm. |
||
| 563 | _ahardcover | ||
| 700 |
_aTurrell, George. _98819 |
||
| 942 |
_aSNS _cBK _k530.43 TUR _2ddc |
||
| 999 |
_c31496 _d31496 |
||